000 00565nam a2200181Ia 4500
008 151018s9999 xx 000 0 und d
082 _bRBASDV17021
_a891.463
100 _aसंजीवनी देशमुख
245 _aकँरेक्टर
250 _b1
260 _bसंतोष साहित्य
_c1982
300 _a152
600 _aसंजीवनी देशमुख
630 _aकँरेक्टर
700 _aसंजीवनी देशमुख
730 _aकँरेक्टर
942 _cBOOK
999 _c1017706
_d1017703